[Event "Winnipeg TNT March op"]
[Site "Winnipeg CAN"]
[Date "2013.03.19"]
[Round "3"]
[White "Melamedoff, Gustavo"]
[Black "Platt, Alex"]
[Result "1-0"]
[WhiteElo "2086"]
[BlackElo "1927"]
[PlyCount "97"]
[GameId "2160767909381423"]
[EventDate "2013.03.05"]
[EventType "swiss"]
[EventRounds "4"]
[EventCountry "CAN"]
[SourceTitle "EXT 2022"]
[Source "ChessBase"]
[SourceDate "2021.10.06"]
[SourceVersion "1"]
[SourceVersionDate "2021.10.06"]
[SourceQuality "1"]

1. Nf3 d5 2. c4 e6 3. b3 Nf6 4. g3 Bd6 5. Bb2 Nbd7 6. Bg2 O-O 7. O-O Re8 8. d3 c6 9. Nc3 e5 10. cxd5 Nxd5 11. Nd2 N7f6 12. Nc4 Bc7 13. a3 Nb6 14. Nxb6 Bxb6 15. b4 Be6 16. Na4 Bd4 17. Rc1 Bd5 18. e4 Be6 19. Bxd4 Qxd4 20. Nc5 b6 21. Nxe6 Rxe6 22. Rc4 Qb2 23. Qc1 Qxc1 24. Rfxc1 Rd8 25. Rxc6 Rxd3 26. Rc8+ Re8 27. Rxe8+ Nxe8 28. Rc8 Kf8 29. Bf1 Rd7 30. Bb5 Re7 31. Ra8 a5 32. bxa5 bxa5 33. Rxa5 Nc7 34. Bc6 f6 35. a4 Ne6 36. Ra8+ Kf7 37. Bd5 Kg6 38. a5 Nd4 39. a6 Rc7 40. Bb7 Nb5 41. Rc8 Rxc8 42. Bxc8 Kf7 43. f4 g5 44. fxe5 fxe5 45. Kf2 h5 46. Ke3 Ke7 47. Kd3 Kd8 48. Bb7 Kc7 49. Kc4 1-0

[Event "Winnipeg TNT March op"]
[Site "Winnipeg CAN"]
[Date "2013.03.19"]
[Round "3"]
[White "Mundwiler, Les"]
[Black "Boron, Anthony"]
[Result "1-0"]
[WhiteElo "2035"]
[BlackElo "1980"]
[PlyCount "101"]
[GameId "2160767909381424"]
[EventDate "2013.03.05"]
[EventType "swiss"]
[EventRounds "4"]
[EventCountry "CAN"]
[SourceTitle "EXT 2022"]
[Source "ChessBase"]
[SourceDate "2021.10.06"]
[SourceVersion "1"]
[SourceVersionDate "2021.10.06"]
[SourceQuality "1"]

1. Nf3 Nf6 2. g3 d5 3. Bg2 c6 4. O-O g6 5. d4 Bg7 6. b3 O-O 7. Bb2 Nbd7 8. Nbd2 a5 9. a4 Re8 10. Re1 Qc7 11. c4 Qb6 12. cxd5 cxd5 13. Rc1 Ng4 14. h3 Ngf6 15. Ne5 e6 16. e4 dxe4 17. Ndc4 Qa6 18. Bf1 Rd8 19. Ba3 Nxe5 20. Nxe5 Qa7 21. Bc5 Qb8 22. Bb6 Rf8 23. Qd2 Nd5 24. Bxa5 e3 25. fxe3 Bxe5 26. dxe5 Qxe5 27. Kh2 b6 28. Bc3 Nxc3 29. Qxc3 Qf5 30. Bg2 Rb8 31. Qc7 Ba6 32. Qf4 Qa5 33. Red1 Bb7 34. e4 Rbc8 35. Rxc8 Bxc8 36. Qc7 Ba6 37. Rd6 Qe5 38. Qxb6 Bb7 39. Qd4 Qg5 40. b4 h5 41. h4 Qg4 42. Qd1 Rc8 43. Qxg4 hxg4 44. Rb6 Ba8 45. e5 Bf3 46. Bxf3 gxf3 47. Kg1 Rc2 48. a5 Kg7 49. a6 Ra2 50. b5 Rg2+ 51. Kf1 1-0

[Event "Winnipeg TNT March op"]
[Site "Winnipeg CAN"]
[Date "2013.03.19"]
[Round "3"]
[White "Swift, Ryne"]
[Black "De Groot, Steven"]
[Result "1/2-1/2"]
[WhiteElo "1864"]
[BlackElo "1987"]
[PlyCount "72"]
[GameId "2160767909381425"]
[EventDate "2013.03.05"]
[EventType "swiss"]
[EventRounds "4"]
[EventCountry "CAN"]
[SourceTitle "EXT 2022"]
[Source "ChessBase"]
[SourceDate "2021.10.06"]
[SourceVersion "1"]
[SourceVersionDate "2021.10.06"]
[SourceQuality "1"]

1. e4 c5 2. Nf3 d6 3. d4 cxd4 4. Nxd4 Nf6 5. Nc3 a6 6. f3 e5 7. Nb3 Be7 8. Be3 Be6 9. Be2 Qc7 10. O-O Nbd7 11. Qd2 O-O 12. Rfd1 b5 13. Bf1 Nb6 14. Bxb6 Qxb6+ 15. Qf2 Qc7 16. Rd2 Rab8 17. Rad1 b4 18. Nd5 Nxd5 19. exd5 Bc8 20. c4 a5 21. Nc1 Bg5 22. Rc2 Bf5 23. Bd3 Bxd3 24. Rxd3 f5 25. Rd1 Qc5 26. Qxc5 dxc5 27. Kh1 Be3 28. Re2 f4 29. Nd3 Rfe8 30. Rde1 b3 31. a3 e4 32. fxe4 Rxe4 33. Nxf4 Rxf4 34. Rxe3 Rxc4 35. Rd3 Rd8 36. Kg1 Rd4 1/2-1/2

[Event "Winnipeg TNT March op"]
[Site "Winnipeg CAN"]
[Date "2013.03.19"]
[Round "3"]
[White "Trueman, Francis"]
[Black "Czarny, Keith"]
[Result "1-0"]
[WhiteElo "1457"]
[BlackElo "1681"]
[PlyCount "41"]
[GameId "2160767909381426"]
[EventDate "2013.03.05"]
[EventType "swiss"]
[EventRounds "4"]
[EventCountry "CAN"]
[SourceTitle "EXT 2022"]
[Source "ChessBase"]
[SourceDate "2021.10.06"]
[SourceVersion "1"]
[SourceVersionDate "2021.10.06"]
[SourceQuality "1"]

1. e4 Nf6 2. d3 g6 3. Nd2 Bg7 4. g3 O-O 5. Bg2 c6 6. Ngf3 d6 7. O-O Nfd7 8. Re1 f5 9. c3 Nc5 10. Nb3 Be6 11. Nxc5 dxc5 12. Ng5 Qd6 13. Bf4 Qd7 14. Nxe6 Qxe6 15. exf5 Qxf5 16. Rxe7 Nd7 17. Be4 Qh3 18. Qb3+ Kh8 19. Qxb7 Nf6 20. Bf3 Rfb8 21. Bxb8 1-0

[Event "Winnipeg TNT March op"]
[Site "Winnipeg CAN"]
[Date "2013.03.19"]
[Round "3"]
[White "Wasserman, Leor"]
[Black "Reimer, Bruce"]
[Result "1-0"]
[WhiteElo "1957"]
[BlackElo "1641"]
[PlyCount "87"]
[GameId "2160767909381427"]
[EventDate "2013.03.05"]
[EventType "swiss"]
[EventRounds "4"]
[EventCountry "CAN"]
[SourceTitle "EXT 2022"]
[Source "ChessBase"]
[SourceDate "2021.10.06"]
[SourceVersion "1"]
[SourceVersionDate "2021.10.06"]
[SourceQuality "1"]

1. e4 Nf6 2. e5 Nd5 3. Nc3 e6 4. d4 Bb4 5. Qg4 Bf8 6. Bg5 f6 7. exf6 Nxf6 8. Qh4 Be7 9. Bd3 Nd5 10. Qh5+ Kf8 11. Bxe7+ Qxe7 12. Nxd5 exd5+ 13. Kf1 Qf7 14. Qh3 Nc6 15. Nf3 d6 16. Qh4 Bf5 17. Bxf5 Qxf5 18. Ne1 Kf7 19. f3 Rhe8 20. Nd3 Re4 21. Qf2 Rxd4 22. g4 Qg6 23. Kg2 Kg8 24. Rae1 h5 25. h3 Rf8 26. Qe3 Qf6 27. Rhf1 h4 28. b3 Nb4 29. Nxb4 Rxb4 30. c3 Rf4 31. Qd3 d4 32. c4 c5 33. Re2 Rf7 34. Re8+ Rf8 35. Re2 Qf7 36. Rff2 Re8 37. Rxe8+ Qxe8 38. Re2 Qf7 39. Rf2 Rf6 40. Qd2 Re6 41. Qg5 Qf6 42. Qd5 Qf4 43. Qxe6+ Kh7 44. Qf5+ 1-0

[Event "Winnipeg TNT March op"]
[Site "Winnipeg CAN"]
[Date "2013.03.19"]
[Round "3"]
[White "Wolchock, Theo"]
[Black "Samson, Larry"]
[Result "1-0"]
[WhiteElo "1706"]
[BlackElo "1555"]
[PlyCount "73"]
[GameId "2160767909381428"]
[EventDate "2013.03.05"]
[EventType "swiss"]
[EventRounds "4"]
[EventCountry "CAN"]
[SourceTitle "EXT 2022"]
[Source "ChessBase"]
[SourceDate "2021.10.06"]
[SourceVersion "1"]
[SourceVersionDate "2021.10.06"]
[SourceQuality "1"]

1. c4 Nf6 2. g3 g6 3. Bg2 Bg7 4. Nc3 O-O 5. Nf3 d6 6. O-O Nbd7 7. d4 c6 8. Bg5 h6 9. Bxf6 Nxf6 10. e3 Qc7 11. Rc1 e5 12. d5 c5 13. Nb5 Qe7 14. a3 a6 15. Nc3 Qc7 16. e4 Bd7 17. Qe2 Kh7 18. b4 b6 19. Nd2 Rfb8 20. Rb1 h5 21. f4 Ng4 22. f5 Nf6 23. Nf3 gxf5 24. exf5 Bh6 25. Ne4 Nxe4 26. Qxe4 f6 27. Nh4 Kg7 28. Bf3 Be8 29. Ng6 Bxg6 30. fxg6 Rh8 31. Bxh5 Be3+ 32. Qxe3 Rxh5 33. Qf3 Rh6 34. Qxf6+ Kg8 35. Qe6+ Kh8 36. Rf7 Qc8 37. Qf6+ 1-0

[Event "Winnipeg TNT March op"]
[Site "Winnipeg CAN"]
[Date "2013.03.26"]
[Round "4"]
[White "Boron, Anthony"]
[Black "Le Dorze, Philippe"]
[Result "1-0"]
[WhiteElo "1980"]
[BlackElo "1788"]
[PlyCount "99"]
[GameId "2160767909381429"]
[EventDate "2013.03.05"]
[EventType "swiss"]
[EventRounds "4"]
[EventCountry "CAN"]
[SourceTitle "EXT 2022"]
[Source "ChessBase"]
[SourceDate "2021.10.06"]
[SourceVersion "1"]
[SourceVersionDate "2021.10.06"]
[SourceQuality "1"]

1. g3 Nf6 2. d4 d5 3. Bg2 e6 4. Nf3 c5 5. c3 cxd4 6. cxd4 Bb4+ 7. Nbd2 O-O 8. O-O Nbd7 9. Nb3 b6 10. a3 Be7 11. Bf4 Ba6 12. Rc1 Rc8 13. Re1 Ne4 14. Ne5 Nxe5 15. Bxe5 Bg5 16. Rxc8 Qxc8 17. h4 f6 18. Bxe4 dxe4 19. Bd6 Rd8 20. hxg5 Rxd6 21. gxf6 e5 22. Qd2 Rxf6 23. dxe5 Rh6 24. Rc1 Qa8 25. e3 Bd3 26. Qc3 Re6 27. Qc8+ Qxc8 28. Rxc8+ Kf7 29. Rc7+ Re7 30. Rxe7+ Kxe7 31. Nd4 a5 32. Kh2 g6 33. Kh3 h6 34. Kg4 Bc4 35. Kf4 Bd5 36. Nb5 Bc6 37. Nd4 Bd5 38. b3 Bb7 39. Nb5 Bc6 40. Nd6 Ke6 41. Nc4 Bb7 42. Nxb6 g5+ 43. Kg4 Kxe5 44. Nc4+ Kf6 45. Kh3 Bc8+ 46. Kg2 a4 47. bxa4 g4 48. Nd6 Bd7 49. Nxe4+ Ke5 50. Nc3 1-0

[Event "Winnipeg TNT March op"]
[Site "Winnipeg CAN"]
[Date "2013.03.26"]
[Round "4"]
[White "Czarny, Keith"]
[Black "Samson, Larry"]
[Result "1-0"]
[WhiteElo "1681"]
[BlackElo "1555"]
[PlyCount "191"]
[GameId "2160767909381430"]
[EventDate "2013.03.05"]
[EventType "swiss"]
[EventRounds "4"]
[EventCountry "CAN"]
[SourceTitle "EXT 2022"]
[Source "ChessBase"]
[SourceDate "2021.10.06"]
[SourceVersion "1"]
[SourceVersionDate "2021.10.06"]
[SourceQuality "1"]

1. c4 Nf6 2. Nc3 g6 3. Nf3 Bg7 4. g3 d6 5. Bg2 Nbd7 6. O-O O-O 7. d4 c6 8. Re1 e5 9. dxe5 Nxe5 10. Nxe5 dxe5 11. Qxd8 Rxd8 12. Be3 Be6 13. b3 h6 14. Rad1 Rxd1 15. Rxd1 Ng4 16. Bc5 f5 17. e3 Kf7 18. h3 Nf6 19. Ba3 Rc8 20. Rd2 a6 21. Na4 Nd7 22. Nc3 e4 23. Ne2 Ne5 24. Kf1 Bf6 25. Bb2 Nd7 26. Bxf6 Nxf6 27. Ke1 Ke7 28. Kd1 Rd8 29. Rxd8 Kxd8 30. Nd4 Bc8 31. Ne2 g5 32. Nc3 b5 33. cxb5 cxb5 34. Bf1 Kc7 35. Ne2 Kd6 36. Kc2 Nd7 37. Kc3 Kc5 38. Nd4 Ne5 39. Be2 g4 40. b4+ Kd6 41. hxg4 Nxg4 42. Bxg4 fxg4 43. Nb3 Ke5 44. Nc5 Kd5 45. a3 Ke5 46. a4 Kd5 47. axb5 axb5 48. Nb3 Bd7 49. Nd4 Ke5 50. Ne2 Be6 51. Nf4 Bc4 52. Ng6+ Kd5 53. Ne7+ Ke5 54. Nc6+ Kd5 55. Nd4 Ke5 56. Nc6+ Kd5 57. Na5 Bd3 58. Nb7 Bc4 59. Na5 Bd3 60. Nb3 Bc4 61. Nc5 Ke5 62. Nd7+ Kd5 63. Nf6+ Ke5 64. Nxg4+ Kd5 65. Nxh6 Ke5 66. Ng4+ Kf5 67. Nh2 Kg5 68. Kd4 Bd3 69. f3 Kf5 70. g4+ Kg5 71. fxe4 Bc4 72. e5 Kg6 73. Ke4 Kg5 74. Kf3 Be6 75. Kg3 Bd7 76. Nf3+ Kg6 77. Kf4 Kh6 78. Nd4 Kg6 79. e6 Be8 80. Nf5 Kf6 81. g5+ Kg6 82. Nd6 Bc6 83. e7 Kg7 84. e8=Q Bxe8 85. Nxe8+ Kg6 86. e4 Kf7 87. Nd6+ Ke6 88. Nxb5 Kf7 89. Kf5 Kg7 90. e5 Kf7 91. e6+ Kg7 92. Nd6 Kg8 93. e7 Kg7 94. e8=Q Kh7 95. Qg6+ Kh8 96. Nf7# 1-0

[Event "Winnipeg TNT March op"]
[Site "Winnipeg CAN"]
[Date "2013.03.26"]
[Round "4"]
[White "Dawa, Arvin"]
[Black "Melamedoff, Gustavo"]
[Result "1/2-1/2"]
[WhiteElo "2133"]
[BlackElo "2086"]
[PlyCount "57"]
[GameId "2160767909381431"]
[EventDate "2013.03.05"]
[EventType "swiss"]
[EventRounds "4"]
[EventCountry "CAN"]
[SourceTitle "EXT 2022"]
[Source "ChessBase"]
[SourceDate "2021.10.06"]
[SourceVersion "1"]
[SourceVersionDate "2021.10.06"]
[SourceQuality "1"]

1. d4 Nf6 2. Nf3 e6 3. Bg5 d5 4. Nbd2 Be7 5. e3 h6 6. Bh4 Nbd7 7. Bd3 c5 8. c3 cxd4 9. cxd4 O-O 10. O-O Ne8 11. Bxe7 Qxe7 12. Qb3 f5 13. Ne5 Nxe5 14. dxe5 g5 15. Rac1 g4 16. f4 gxf3 17. Rxf3 Kh8 18. Rh3 Qg7 19. Nf3 Rg8 20. Bf1 b6 21. Qb4 Bb7 22. Qf4 Kh7 23. Nd4 Qg6 24. Rg3 Qf7 25. Rh3 Rg6 26. Be2 Ng7 27. Nb5 Bc8 28. Rg3 Rxg3 29. hxg3 1/2-1/2

[Event "Winnipeg TNT March op"]
[Site "Winnipeg CAN"]
[Date "2013.03.26"]
[Round "4"]
[White "Green, Aaron"]
[Black "Swift, Ryne"]
[Result "1-0"]
[WhiteElo "2005"]
[BlackElo "1864"]
[PlyCount "91"]
[GameId "2160767909381432"]
[EventDate "2013.03.05"]
[EventType "swiss"]
[EventRounds "4"]
[EventCountry "CAN"]
[SourceTitle "EXT 2022"]
[Source "ChessBase"]
[SourceDate "2021.10.06"]
[SourceVersion "1"]
[SourceVersionDate "2021.10.06"]
[SourceQuality "1"]

1. e4 e5 2. Nf3 Nc6 3. Bb5 a6 4. Bxc6 dxc6 5. O-O f6 6. d4 exd4 7. Nxd4 c5 8. Nb3 Qxd1 9. Rxd1 Bd7 10. Bf4 O-O-O 11. Nc3 Be6 12. Rxd8+ Kxd8 13. Rd1+ Kc8 14. Nd5 Bxd5 15. Rxd5 c6 16. Rd1 g5 17. Bg3 h5 18. Bd6 Bxd6 19. Rxd6 c4 20. Nd4 Rh7 21. Nf5 Rd7 22. Kf1 c3 23. b3 Rxd6 24. Nxd6+ Kc7 25. Nf5 c5 26. Ke2 b5 27. Ke3 Kd7 28. f4 Ne7 29. Nxe7 Kxe7 30. e5 g4 31. exf6+ Kxf6 32. Ke4 h4 33. g3 hxg3 34. hxg3 Ke6 35. f5+ Kf6 36. Kf4 a5 37. Kxg4 b4 38. Kf4 c4 39. bxc4 a4 40. Ke3 Kxf5 41. Kd3 Ke5 42. g4 a3 43. g5 Kf5 44. c5 Kxg5 45. c6 b3 46. cxb3 1-0

[Event "Winnipeg TNT March op"]
[Site "Winnipeg CAN"]
[Date "2013.03.26"]
[Round "4"]
[White "Green, Jim"]
[Black "Wasserman, Leor"]
[Result "1-0"]
[WhiteElo "1753"]
[BlackElo "1957"]
[PlyCount "129"]
[GameId "2160767909381433"]
[EventDate "2013.03.05"]
[EventType "swiss"]
[EventRounds "4"]
[EventCountry "CAN"]
[SourceTitle "EXT 2022"]
[Source "ChessBase"]
[SourceDate "2021.10.06"]
[SourceVersion "1"]
[SourceVersionDate "2021.10.06"]
[SourceQuality "1"]

1. e4 c5 2. Nf3 d6 3. Bb5+ Bd7 4. Bxd7+ Qxd7 5. O-O Nf6 6. Qe2 e6 7. Rd1 Be7 8. d4 cxd4 9. Rxd4 Nc6 10. Rd1 O-O 11. Nc3 Qc7 12. Nb5 Qb8 13. c4 a6 14. Nc3 Nd7 15. Bf4 Nde5 16. Nxe5 dxe5 17. Be3 Qc7 18. b3 Rfd8 19. Na4 Nd4 20. Qb2 b6 21. Nc3 Bb4 22. Ne2 Nxe2+ 23. Qxe2 Bc3 24. Rac1 Bd4 25. h3 Qc5 26. Qe1 Bxe3 27. fxe3 Qc6 28. Qh4 Rd7 29. Qg4 Rad8 30. Rxd7 Qxd7 31. Qe2 g6 32. Re1 Qc6 33. Rd1 Rxd1+ 34. Qxd1 Kg7 35. Qd3 Qc5 36. a4 h5 37. g3 Qb4 38. Kf2 Qe7 39. Qc3 Qf6+ 40. Kg2 g5 41. g4 hxg4 42. hxg4 Kg6 43. a5 Qd8 44. Qc2 Qc7 45. axb6 Qxb6 46. Qc3 f6 47. c5 Qc6 48. Qc4 Kg7 49. Kf2 Kf7 50. Qb4 Qd7 51. Ke2 Kg6 52. Qb6 a5 53. c6 Qd6 54. Qb7 Qc5 55. Kd2 Qa3 56. c7 Qb2+ 57. Kd3 Qb1+ 58. Kc4 Qc2+ 59. Kb5 Qxb3+ 60. Ka6 Qd3+ 61. Ka7 Qxe3+ 62. Ka8 Qc3 63. c8=Q Qxc8+ 64. Qxc8 f5 65. Qg8+ 1-0

[Event "Winnipeg TNT March op"]
[Site "Winnipeg CAN"]
[Date "2013.03.26"]
[Round "4"]
[White "Mandusic, Ante"]
[Black "Trueman, Francis"]
[Result "0-1"]
[WhiteElo "1261"]
[BlackElo "1457"]
[PlyCount "100"]
[GameId "2160767909381434"]
[EventDate "2013.03.05"]
[EventType "swiss"]
[EventRounds "4"]
[EventCountry "CAN"]
[SourceTitle "EXT 2022"]
[Source "ChessBase"]
[SourceDate "2021.10.06"]
[SourceVersion "1"]
[SourceVersionDate "2021.10.06"]
[SourceQuality "1"]

1. e4 d6 2. Nc3 Nf6 3. d4 g6 4. Nf3 Nbd7 5. e5 dxe5 6. dxe5 Ng4 7. Bf4 Bg7 8. Qd2 Nc5 9. h3 Ne6 10. O-O-O Bd7 11. Bg3 Nh6 12. Qe3 Nf5 13. Qe1 Nxg3 14. fxg3 O-O 15. Bc4 Qc8 16. Nd5 Re8 17. Nf4 Bh6 18. Qe3 b5 19. Bxe6 Bxe6 20. h4 Bg4 21. Qe2 c6 22. Kb1 a5 23. h5 Bxf4 24. gxf4 Bxh5 25. Qf2 Rd8 26. Rde1 b4 27. b3 a4 28. Nd4 axb3 29. cxb3 Qd7 30. Nc2 Qd3 31. Rhg1 Bg4 32. Kb2 Qd2 33. Qc5 Bf5 34. Rc1 Rd5 35. Rgd1 Qxc1+ 36. Rxc1 Rxc5 37. Nxb4 Rxc1 38. Kxc1 c5 39. Nd5 e6 40. Nc3 Rd8 41. Kb2 Rd2+ 42. Ka3 Rxg2 43. Na4 h5 44. Nxc5 h4 45. b4 h3 46. b5 h2 47. Kb3 h1=Q 48. a4 Rg3+ 49. Kc4 Qc1+ 50. Kd4 Qc3# 0-1

[Event "Winnipeg TNT March op"]
[Site "Winnipeg CAN"]
[Date "2013.03.26"]
[Round "4"]
[White "Mundwiler, Les"]
[Black "Kernetsky, Myron"]
[Result "1-0"]
[WhiteElo "2035"]
[BlackElo "2057"]
[PlyCount "101"]
[GameId "2160767909381435"]
[EventDate "2013.03.05"]
[EventType "swiss"]
[EventRounds "4"]
[EventCountry "CAN"]
[SourceTitle "EXT 2022"]
[Source "ChessBase"]
[SourceDate "2021.10.06"]
[SourceVersion "1"]
[SourceVersionDate "2021.10.06"]
[SourceQuality "1"]

1. g3 Nf6 2. Bg2 d5 3. d3 e5 4. Nd2 Bd6 5. c4 c6 6. a3 a5 7. h3 Nbd7 8. Qc2 h6 9. Ngf3 Qe7 10. O-O Nf8 11. cxd5 cxd5 12. e4 dxe4 13. dxe4 Ng6 14. Nc4 Bc7 15. Be3 O-O 16. Nb6 Bxb6 17. Bxb6 Re8 18. Nd2 Be6 19. Qd3 Ra6 20. Qe3 Nd7 21. Bc7 Rc8 22. Rac1 a4 23. f4 exf4 24. gxf4 Ndf8 25. Bb6 Rxc1 26. Rxc1 Nxf4 27. Bf1 Qg5+ 28. Kh2 Rxb6 29. Qxb6 Nxh3 30. Qd4 Qf4+ 31. Kh1 Nf2+ 32. Kg1 Qg3+ 33. Bg2 Nh3+ 34. Kf1 Qf4+ 35. Ke1 Qg3+ 36. Kf1 Ng6 37. Rc3 Qh2 38. Nf3 Qf4 39. e5 Ng5 40. Qxf4 Nxf4 41. Nxg5 hxg5 42. Bxb7 Bh3+ 43. Kf2 g4 44. Rc8+ Kh7 45. Ra8 Nd3+ 46. Kg3 Nxb2 47. Bc8 Kg6 48. e6 fxe6 49. Bxe6 Kf6 50. Bd7 Bf1 51. Bxa4 1-0

[Event "Winnipeg TNT March op"]
[Site "Winnipeg CAN"]
[Date "2013.03.26"]
[Round "4"]
[White "Platt, Alex"]
[Black "Wolchock, Theo"]
[Result "1-0"]
[WhiteElo "1927"]
[BlackElo "1706"]
[PlyCount "101"]
[GameId "2160767909381436"]
[EventDate "2013.03.05"]
[EventType "swiss"]
[EventRounds "4"]
[EventCountry "CAN"]
[SourceTitle "EXT 2022"]
[Source "ChessBase"]
[SourceDate "2021.10.06"]
[SourceVersion "1"]
[SourceVersionDate "2021.10.06"]
[SourceQuality "1"]

1. e4 e5 2. Nf3 Nc6 3. Bb5 Bc5 4. O-O Nf6 5. c3 O-O 6. d4 exd4 7. cxd4 Bb4 8. a3 Ba5 9. b4 Bb6 10. Re1 h6 11. Bb2 a6 12. Ba4 d6 13. h3 Bd7 14. Bc2 Re8 15. Nc3 Na7 16. Qd3 g6 17. e5 Bf5 18. Qd2 Bxc2 19. exf6 Bf5 20. Qxh6 Qxf6 21. Nd5 Qg7 22. Qf4 Nc6 23. g4 Bxd4 24. Bxd4 Nxd4 25. Qxd4 Qxd4 26. Nxd4 Rxe1+ 27. Rxe1 Bd3 28. Nxc7 Rc8 29. Re8+ Rxe8 30. Nxe8 Kf8 31. Nxd6 b5 32. f3 Ke7 33. Ne4 Bxe4 34. fxe4 Kd6 35. Kf2 Ke5 36. Ke3 f6 37. Nf3+ Kd6 38. Kd4 g5 39. e5+ fxe5+ 40. Nxe5 a5 41. bxa5 b4 42. axb4 Kc7 43. b5 Kb7 44. Nc4 Ka7 45. b6+ Kb7 46. Nd6+ Ka8 47. a6 Kb8 48. Nc4 Ka8 49. Na5 Kb8 50. Nc6+ Ka8 51. b7# 1-0

[Event "Winnipeg TNT March op"]
[Site "Winnipeg CAN"]
[Date "2013.03.26"]
[Round "4"]
[White "Reimer, Bruce"]
[Black "Dykman, Tony"]
[Result "1-0"]
[WhiteElo "1641"]
[BlackElo "1261"]
[PlyCount "53"]
[GameId "2160767909381437"]
[EventDate "2013.03.05"]
[EventType "swiss"]
[EventRounds "4"]
[EventCountry "CAN"]
[SourceTitle "EXT 2022"]
[Source "ChessBase"]
[SourceDate "2021.10.06"]
[SourceVersion "1"]
[SourceVersionDate "2021.10.06"]
[SourceQuality "1"]

1. c4 Nf6 2. g3 g6 3. Bg2 d5 4. b3 Bg7 5. Bb2 O-O 6. cxd5 Nxd5 7. Bxg7 Kxg7 8. e4 Nf6 9. d4 Bd7 10. e5 Nc6 11. exf6+ exf6 12. Ne2 Re8 13. O-O Bf5 14. Nbc3 Re7 15. Re1 a6 16. Qd2 Rd7 17. d5 Nb4 18. Nd4 Nxd5 19. Nxf5+ gxf5 20. Nxd5 c6 21. Qc2 cxd5 22. Qxf5 Rd6 23. Rad1 Qd7 24. Qxd7 Rxd7 25. Rxd5 Rad8 26. Red1 Kh8 27. Rxd7 1-0

[Event "Winnipeg TNT March op"]
[Site "Winnipeg CAN"]
[Date "2013.03.26"]
[Round "4"]
[White "Towns, Barry"]
[Black "Leaden, Bruce"]
[Result "1-0"]
[WhiteElo "1737"]
[BlackElo "1611"]
[PlyCount "118"]
[GameId "2160767909381438"]
[EventDate "2013.03.05"]
[EventType "swiss"]
[EventRounds "4"]
[EventCountry "CAN"]
[SourceTitle "EXT 2022"]
[Source "ChessBase"]
[SourceDate "2021.10.06"]
[SourceVersion "1"]
[SourceVersionDate "2021.10.06"]
[SourceQuality "1"]

1. e4 e6 2. f4 d5 3. exd5 exd5 4. Nf3 Nf6 5. c4 Bc5 6. cxd5 O-O 7. d4 Re8+ 8. Ne5 Bb4+ 9. Nc3 Nxd5 10. Bc4 Bxc3+ 11. bxc3 f6 12. O-O fxe5 13. Qf3 c6 14. fxe5 Rf8 15. Qg3 Rxf1+ 16. Kxf1 Qf8+ 17. Kg1 Kh8 18. Bg5 Be6 19. Rf1 Qg8 20. Bd3 Nd7 21. c4 N5b6 22. Rf4 Rf8 23. Bxh7 Qxh7 24. Rh4 Qxh4 25. Qxh4+ Kg8 26. Qg3 Bxc4 27. h4 Kh7 28. h5 Rf7 29. Qg4 Nf8 30. Qe4+ g6 31. Qh4 gxh5 32. Qxh5+ Kg8 33. Bf6 Nh7 34. Qg6+ Kf8 35. Bh8 Re7 36. Qd6 Nc8 37. Qd8+ Re8 38. Qc7 Ne7 39. Qxb7 Kf7 40. Bf6 Nxf6 41. exf6 Kxf6 42. Qd7 Rg8 43. Qd6+ Kf7 44. a3 a5 45. g3 Bd5 46. Kf2 Rg4 47. Qe5 Re4 48. Qh5+ Ng6 49. g4 Rxd4 50. g5 Rf4+ 51. Ke3 Rh4 52. Qd1 Re4+ 53. Kf2 Rf4+ 54. Kg1 Ke6 55. Qe1+ Kf5 56. Qxa5 Kxg5 57. Qd2 Ne5 58. Qc1 Nf3+ 59. Kf2 Nd4+ 1-0

[Event "Winnipeg TNT May op"]
[Site "Winnipeg CAN"]
[Date "2013.05.07"]
[Round "1"]
[White "Dawa, Arvin"]
[Black "Wolchock, Theo"]
[Result "1-0"]
[WhiteElo "2158"]
[BlackElo "1717"]
[PlyCount "77"]
[GameId "2160767909356180"]
[EventDate "2013.05.07"]
[EventType "swiss"]
[EventRounds "4"]
[EventCountry "CAN"]
[SourceTitle "EXT 2022"]
[Source "ChessBase"]
[SourceDate "2021.10.06"]
[SourceVersion "1"]
[SourceVersionDate "2021.10.06"]
[SourceQuality "1"]

1. d4 Nf6 2. Nf3 g6 3. c4 Bg7 4. Nc3 O-O 5. e4 d6 6. Be2 Bg4 7. O-O Nc6 8. Be3 Nd7 9. Rc1 f5 10. Ng5 Bxe2 11. Nxe2 Rf7 12. Nxf7 Kxf7 13. exf5 gxf5 14. Nf4 Nf6 15. d5 Ne5 16. Ne6 Qd7 17. Bd4 Ng6 18. Qf3 f4 19. g3 Rg8 20. Kh1 Ne8 21. Bxg7 Nxg7 22. gxf4 Nxe6 23. dxe6+ Qxe6 24. f5 Qe5 25. fxg6+ Ke6 26. Qf7+ Kd7 27. Qxg8 hxg6 28. Qxg6 Qxb2 29. h4 Qd4 30. f4 Qe3 31. Qg4+ Kd8 32. h5 Qe4+ 33. Kh2 Qh7 34. Qg6 Qh8 35. h6 Qb2+ 36. Kh1 Qa3 37. Qg8+ Kd7 38. Qg4+ Kd8 39. h7 1-0

[Event "Winnipeg TNT May op"]
[Site "Winnipeg CAN"]
[Date "2013.05.07"]
[Round "1"]
[White "Leaden, Bruce"]
[Black "De Groot, Steven"]
[Result "0-1"]
[WhiteElo "1609"]
[BlackElo "1976"]
[PlyCount "55"]
[GameId "2160767909356181"]
[EventDate "2013.05.07"]
[EventType "swiss"]
[EventRounds "4"]
[EventCountry "CAN"]
[SourceTitle "EXT 2022"]
[Source "ChessBase"]
[SourceDate "2021.10.06"]
[SourceVersion "1"]
[SourceVersionDate "2021.10.06"]
[SourceQuality "1"]

1. e4 c5 2. Nc3 Nc6 3. f4 d6 4. Bb5 Bd7 5. Nf3 a6 6. Bxc6 Bxc6 7. d3 Nf6 8. O-O e6 9. Qe1 Qc7 10. e5 Nd5 11. Ne4 O-O-O 12. a3 h6 13. c4 Nb6 14. b4 Bxe4 15. Qxe4 d5 16. Qe2 dxc4 17. dxc4 cxb4 18. axb4 Qxc4 19. Qxc4+ Nxc4 20. Ba3 Nxa3 21. Rfc1+ Kb8 22. Rxa3 Bxb4 23. Rb3 a5 24. Kf1 Rd5 25. Ke2 Rc8 26. Rxc8+ Kxc8 27. Ne1 Bxe1 28. Kxe1 0-1

[Event "Winnipeg TNT May op"]
[Site "Winnipeg CAN"]
[Date "2013.05.07"]
[Round "1"]
[White "Lipnowski, Samuel"]
[Black "Baron, Gustav"]
[Result "1-0"]
[WhiteElo "2224"]
[BlackElo "1854"]
[PlyCount "65"]
[GameId "2160767909356182"]
[EventDate "2013.05.07"]
[EventType "swiss"]
[EventRounds "4"]
[EventCountry "CAN"]
[SourceTitle "EXT 2022"]
[Source "ChessBase"]
[SourceDate "2021.10.06"]
[SourceVersion "1"]
[SourceVersionDate "2021.10.06"]
[SourceQuality "1"]

1. e4 c6 2. d4 d5 3. e5 Bf5 4. h4 h6 5. g4 Bh7 6. Bd3 Bxd3 7. Qxd3 e6 8. f4 Nd7 9. f5 exf5 10. gxf5 Qe7 11. Ne2 O-O-O 12. c3 Kb8 13. Bf4 Ka8 14. Nd2 c5 15. O-O-O Nb6 16. Kb1 Qd7 17. Bg3 c4 18. Qf3 Ne7 19. Rhf1 Nec8 20. Qg4 Qb5 21. Ka1 Qc6 22. e6 h5 23. Qh3 fxe6 24. fxe6 Re8 25. Nf4 Bd6 26. Rde1 Rh6 27. Qf5 Qc7 28. Qg5 Qe7 29. Nf3 Qxg5 30. Nxg5 Bxf4 31. Bxf4 a6 32. Be5 g6 33. Bg7 1-0